=LDR 00000nam 2200000 4500 =001 INLIS000000000060911 =005 20220405090625 =035 ##$$a 0010-0422000036 =007 ta =008 220405###########################0#ind## =020 ##$$a 978-602-5966-24-8 =082 ##$$a 516.3 =084 ##$$a 516.3 Rat g =100 #$$a Ratu Mauladaniyati =245 1#$$a Geometri Analitik Ruang =260 ##$$a Yogyakarta :$b Matematika,$c 2020 =300 ##$$a 132 Halaman : $b Ilustrasi ; $c 25 Cm =650 #4$$a Geometri Analitik =990 ##$$a 1202201685 =990 ##$$a 1202201686 =990 ##$$a 1202201687 =990 ##$$a 1202201688